Normal view MARC view
  • Robust Control Of Robotics

Entry Topical Term

Number of records used in: 1

001 - CONTROL NUMBER

  • control field: 124310

003 - CONTROL NUMBER IDENTIFIER

  • control field: NUST

005 - DATE AND TIME OF LATEST TRANSACTION

  • control field: 20240709174020.0

008 - FIXED-LENGTH DATA ELEMENTS

  • fixed length control field: 240709|| aca||aabn | a|a d

040 ## - CATALOGING SOURCE

  • Original cataloging agency: NUST
  • Transcribing agency: NUST

150 ## - HEADING--TOPICAL TERM

  • Topical term or geographic name entry element: Robust Control Of Robotics

670 ## - SOURCE DATA FOUND

  • Source citation: Work cat.: (NUST): Siqueira,. G.A Adraino 124308, Robust Control Of Robotics, 2011.
© 2023 Central Library, National University of Sciences and Technology. All Rights Reserved.